Normal view MARC view

Entry Nombre personal

Number of records used in: 1

001 - NÚMERO DE CONTROL

  • campo de control: 434

003 - IDENTIFICADOR DE NÚMERO DE CONTROL

  • campo de control: DLC

005 - FECHA Y HORA DE LA ÚLTIMA TRANSACCIÓN

  • campo de control: 20260211073857.0

008 - ELEMENTOS DE DATO DE LONGITUD-FIJA

  • campo de control de longitud fija: 790814n| acannaabn |n aba

010 ## - NÚMERO DE CONTROL DE LA BIBLIOTECA DEL CONGRESO

  • Número de control de LC: n 79090568

035 ## - NÚMERO DE CONTROL DEL SISTEMA

  • Número de control de sistema: (OCoLC)oca00322922

040 ## - FUENTE DE CATALOGACIÓN

  • Centro catalogador/agencia de origen: DLC
  • Lengua de catalogación: eng
  • Centro/agencia transcriptor: DLC
  • Centro/agencia modificador: DLC
  • Centro/agencia modificador: Uk
  • Centro/agencia modificador: AzTeS
  • Centro/agencia modificador: NcD
  • Centro/agencia modificador: DLC
  • Centro/agencia modificador: Uk
  • Centro/agencia modificador: UkCU

100 1# - ENCABEZAMIENTO-NOMBRE DE PERSONA

  • Nombre de persona: Foster, Michael

670 ## - FUENTE DE DATOS ENCONTRADOS

  • Cita de la fuente: [Joint author of Flying high & far away]

670 ## - FUENTE DE DATOS ENCONTRADOS

  • Cita de la fuente: Foster, D. Flying high & far away, 197-? (a.e.)
  • Información encontrada: t.p. (Michael Foster)

670 ## - FUENTE DE DATOS ENCONTRADOS

  • Cita de la fuente: [Editor of Art treasures of England]

670 ## - FUENTE DE DATOS ENCONTRADOS

  • Cita de la fuente: Art treasures of England, c1998:
  • Información encontrada: t.p. verso (Michael Foster)

670 ## - FUENTE DE DATOS ENCONTRADOS

  • Cita de la fuente: [Author of Sir Troilus Turbeville]

670 ## - FUENTE DE DATOS ENCONTRADOS

  • Cita de la fuente: Sir Troilus Turbeville, 1980:
  • Información encontrada: t.p. (Michael Foster)

670 ## - FUENTE DE DATOS ENCONTRADOS

  • Cita de la fuente: [Author of Elgar's gigantic worx]

670 ## - FUENTE DE DATOS ENCONTRADOS

  • Cita de la fuente: Elgar's gigantic worx, 1998:
  • Información encontrada: t.p. (Michael Foster) back cover (violinist; researching for higher degree at Univ. of Cardiff Dept. of Music) BL AL sent 6 Jan. 1998

670 ## - FUENTE DE DATOS ENCONTRADOS

  • Cita de la fuente: [Author of Chaucer's narrators and the rhetoric of self-representation]

670 ## - FUENTE DE DATOS ENCONTRADOS

  • Cita de la fuente: Chaucer's narrators and the rhetoric of self-representation, c2008:
  • Información encontrada: t.p. (Michael Foster) back cover (Michael Foster is currently a postgraduate teaching fellow at the University of Nottingham, where he is conducting research on the manuscript transmission of the Middle English romances. He has published on Chaucer, rhetoric, and narrative)